00325nam a2200121Ia 4500008004100000041000800041082001800049100001700067245004500084260003500129300003000164365000900194240624s9999 xx 000 0 und d aeng a330.15092 NAS aNASAR SYLVIA aGRAND PURSUIT THE STORY OF ECONOMIC GENI c2011aLondonbSimon & Schuster axv, : 558 : p. : cm. ; 23 cb38